书目信息 |
| 题名: |
苦难岁月
|
|
| 作者: | 冯仲生 编 | |
| 分册: | ||
| 出版信息: | 石家庄 河北人民出版社 1978 |
|
| 页数: | 128页 | |
| 开本: | 19cm | |
| 丛书名: | 党的基本路线教育丛书 | |
| 单 册: | ||
| 中图分类: | I252 | |
| 科图分类: | ||
| 主题词: | 贫下中农-家史--中国--选集 , 家史-贫下中农--中国--选集 | |
| 电子资源: | ||
| ISBN: | ||
| 000 | 00704nam2 2200253 45 | |
| 001 | 0178004476 | |
| 005 | 20060820110449.85 | |
| 010 | @dCNY0.26 | |
| 091 | @aCN@b7086.937 | |
| 100 | @a19950720d1978 em y0chiy0121 ea | |
| 101 | 0 | @achi |
| 102 | @aCN@b130000 | |
| 105 | @ay z 000zy | |
| 200 | 10 | @a苦难岁月@Aku nan sui yue@e贫下中农家史@f冯仲生等编 |
| 210 | @a石家庄@c河北人民出版社@d1978 | |
| 215 | @a128页@d19cm | |
| 225 | 2 | @a党的基本路线教育丛书 |
| 410 | 0 | @120010@a党的基本路线教育丛书 |
| 606 | @a贫下中农-家史@y中国@x选集 | |
| 606 | @a家史-贫下中农@y中国@x选集 | |
| 690 | @aI252@v3 | |
| 701 | 0 | @a冯仲生@Afeng zhong sheng@4编 |
| 801 | 0 | @aCN@bTSSF@c20060820 |
| 905 | @a10447@dI252@e519 | |
| 苦难岁月:贫下中农家史/冯仲生等编.-石家庄:河北人民出版社,1978 |
| 128页;19cm.-(党的基本路线教育丛书) |
| ISBN :CNY0.26 |
| ● |
| 相关链接 |
|
|
|
|
正题名:苦难岁月
索取号:I252/519
 
预约/预借
| 序号 | 登录号 | 条形码 | 馆藏地/架位号 | 状态 | 备注 |
| 1 | 0427277 | 204272777 | 密集书库/ [索取号:I252/519] | 在馆 | |
| 2 | 0469109 | 204691093 | 密集书库/ [索取号:I252/519] | 在馆 |